Cómo orientar en conducta sexual

Saved in:
Bibliografiske detaljer
Main Authors: Stenchever, Morton A (Author), Stickley, William T (Author), Castro Guevara, Numa Pompilio (Author)
Format: Bog
Sprog:spansk
Udgivet: Ciudad de México Pax-México 1973
Serier:Educación sexual
Fag:
Tags: Tilføj Tag
Ingen Tags, Vær først til at tagge denne postø!

MARC

LEADER 00000nam a2200000 a 4500
001 UCU0138
003 CL-VaPUC
008 960315e19730000MX |||||||||||||||||spa|d
082 0 4 |a 613.907  |b STE  |2 21 
100 0 |a Stenchever, Morton A  |e author  |9 355135 
700 0 |a Stickley, William T  |e author  |9 355136 
700 0 |a Castro Guevara, Numa Pompilio  |e author  |9 355137 
245 1 0 |a Cómo orientar en conducta sexual 
300 |a 149 p 
942 |c BK 
945 |d 19960315 00:00:00  |a paguirre 
260 |a Ciudad de México  |b Pax-México  |c 1973 
650 0 |a Comportamiento sexual  |9 334955 
650 0 |a Educación sexual  |9 308005 
650 0 |a Ética  |9 255099 
650 0 |a Comportamiento moral  |9 334569 
583 |a last modification  |c 19960315 00:00:00  |k Rodrigo Vera 
490 0 |a Educación sexual 
999 |c 245082  |d 245080 
952 |0 0  |1 0  |4 0  |6 613_907000000000000_STE_1973  |7 0  |8 P  |9 259460  |a BIBEDU  |b BIBEDU  |c BIBEDU_PB  |d 2019-11-19  |i 1631721  |o 613.907 STE 1973  |p 1631721  |r 2024-01-25  |w 2019-11-19  |y BK  |k EDU 
952 |0 0  |1 0  |4 0  |6 613_907000000000000_STE_1973  |7 0  |8 P  |9 259461  |a BIBEDU  |b BIBEDU  |c BIBEDU_PB  |d 2019-11-19  |i 1631861  |o 613.907 STE 1973  |p 1631861  |r 2024-01-25  |w 2019-11-19  |y BK  |k EDU